000 00520nam a2200181 i 4500
001 bg
100 1 _aJEDLIŃSKI, Ryszard
245 1 0 _aPojazdy rolnicze /
_cRyszard Jedliński, Edmund Dulcet, Krzysztof Tyszczuk.
260 _aBydgoszcz, Wydaw. Uczelniane ATR,
_c1987.
650 4 _aMaszyny rolnicze
_xstosowanie
650 4 _aĆwiczenia i zadania dla szkół wyższych
040 _cBPK
041 _apol
080 _a631.3
080 _a(075.8+076)
942 _cKS
008 s pl f |000 0 pol
999 _c49755
_d49755
856 _uhttp://koha.tu.koszalin.pl/cgi-bin/koha/opac-detail.pl?biblionumber=49755
_yKatalog online BPK